1158 1905 1555 1705 1230 1630 1530 1286 1376 1360 1044 1996 1812 1621 1651 1914 1660 1129 1453 1905 1201 1257 2000 1442 1727 1189 1920 1412 1567 1945 1967 1025 1676 1841 1991 1813 1281 1925 1613 1656 1167 1111 1029 1818 1557 1813 1619 1149 1995 1424 1736 1176 1305 1297 1467 1258 1799 1721 1893 1424 1299 1974 1074 1213 1113 1053 1873 1867 1330 1096 1118 1431 1725 1745 1690 1066 1405 1908 1162 1548 1759 1125 1831 1810 1155 1958 1262 1190 1540 1604 1103 1218 1710 1988 1247 1148 1136 1637 1264 BCNSPRNW ULIB Ver.6.0+V

เปลี่ยนเป็นภาษาไทย

Change to English
 แสดงรายละเอียดบรรณานุกรม
  กลับหน้าหลัก

Brief Record : Get Marc (ISO 2709) : E-mail record : QR code < ปิดหน้าต่าง
LEADER : 00000nam 2200000uu 4500
001    13399113186
003     ULIB
008    110627s2544||||th 000 0 tha d
020    97897447236
090    นว.^bร942ฮ ล.2 2544
100 0  โรว์ลิ่ง, เจ.เค.
245 00 แฮร์รี่ พอตเตอร์ กับห้องแห่งความลับ เล่ม 2/^cโรว์ลิ่ง, เจ.เค.
250    พิมพ์ครั้งที่ 8
260    กรุงเทพฯ :^bนานมีบุ๊คส์,^c2544
300    408 หน้า
710 1  นานมีบุ๊คส์
945    ^p0^l0^i014148
995    ทศพร
999 ^a ใช้งานได้ทุกระบบ
รายการนี้ยังไม่มีแท็ก
คุณยังไม่ได้ล็อกอิน คุณสามารถมีกิจกรรมร่วมกับเว็บไซต์ได้ แต่ต้องล็อกอินก่อน ::
  ล็อกอิน

รายการสื่อสารสนเทศ

ลำดับที่ ประเภท เลขเรียก/บาร์โค้ด สถานที่ สถานะ
- ไม่พบข้อมูล -

รายการใกล้เคียง
    ผู้แต่ง [โรว์ลิ่ง, เจ.เค.]

BibComment


ยังไม่เคยถูกคอมเมนท์

คอมเมนท์ทรัพยากรรายการนี้
  คอมเมนท์: แฮร์รี่ พอตเตอร์ ..


 Copyright 2026. Bcnsprnw @Library